| 000 | 00778nam a22001937a 4500 | ||
|---|---|---|---|
| 999 |
_c18377 _d18377 |
||
| 003 | AR-CdUCM | ||
| 008 | 190513b ||||| |||| 00| 0 spa d | ||
| 040 |
_aMUNICIPALIDAD PROVINCIAL DEL CUSCO _cBIBLIOTECA MUNICIPAL DEL CUSCO |
||
| 082 |
_a374.11 / _bB84 |
||
| 100 |
_aBrookover, Wilbur B. _938923 |
||
| 245 | _aSociología de la educación / | ||
| 260 |
_c1964. _aLima : _bUniversidad mayor de San Marcos, |
||
| 300 |
_a503 páginas ; _c21 cm. |
||
| 505 | _aContenido : La educación y la conducta humana -- La educación y el orden social -- Las relaciones humanas en la escuela -- La escuela y la personalidad -- La escuela en la comunidad ... | ||
| 650 |
_aPersonalidad. _9925 |
||
| 650 |
_aEducación superior. _92963 |
||
| 942 |
_2ddc _cLIBROS |
||
| 945 |
_arum _d2019-05-13 |
||